Carapa guianensis Aublet oil: potentiation of anti-inflammatory effects in mice skin by emulsion formulation (Registro n. 300943)
[ somente texto ]
| 000 -LÍDER | |
|---|---|
| fixed length control field | 04473nab a2200313 i 4500 |
| 003 - CÓDIGO MARC DA AGÊNCIA CATALOGADORA | |
| Campo de controle | BR-BrBNA |
| 005 - DATA E HORA DA ÚLTIMA ATUALIZAÇÃO | |
| Campo de controle | 20240819110821.0 |
| 008 - CAMPO DE TAMANHO FIXO | |
| fixed length control field | 240819b2017 bl.qr|pooa||| 00| 0 eng | |
| 040 ## - FONTE DA CATALOGAÇÃO | |
| Agência catalogadora | BR-BrBNA |
| Idioma da catalogação | por |
| 072 ## - CATEGORIA AGRIS | |
| Código AGRIS | F60 |
| 100 ## - ENTRADA PRINCIPAL - NOME PESSOAL | |
| Nome pessoal | Oliveira, V.S. |
| 100 ## - ENTRADA PRINCIPAL - NOME PESSOAL | |
| Nome pessoal | Borges, Q.I. |
| 100 ## - ENTRADA PRINCIPAL - NOME PESSOAL | |
| Nome pessoal | Silva, F.F. |
| 100 ## - ENTRADA PRINCIPAL - NOME PESSOAL | |
| Nome pessoal | Ferrari, M. |
| 100 ## - ENTRADA PRINCIPAL - NOME PESSOAL | |
| Nome pessoal | Damazo, A.S. |
| 245 ## - TÍTULO PRINCIPAL | |
| Título principal | Carapa guianensis Aublet oil: potentiation of anti-inflammatory effects in mice skin by emulsion formulation |
| 500 ## - NOTA GERAL | |
| Nota geral | Publicação on-line; Bibliography p. 574-576 (55 ref.); 4 tables; 4 illus.; Summaries (En, Pt) |
| 942 ## - ADDED ENTRY ELEMENTS (KOHA) | |
| Koha item type | |
| 520 ## - NOTA DE RESUMO | |
| Nota de conteúdo | <br/><br/>ABSTRACT: <br/><br/>Carapa guianensis Aublet is an evergreen typical Amazonian tree and the oil<br/>obtained from its seeds (OCg) are widely used in folk medicine of many countries in order<br/>to treat different inflammatory conditions. Therefore, the emulsions of Carapa guianensis oil<br/>(EOCg) were developed and their stability determined after storage under different conditions,<br/>showing stability and the rheological measurements showed a non-Newtonian flow behavior of<br/>the pseudoplastic type and thixotropy. Analyzes of the anti-inflammatory action on the skin of<br/>mice after administration of carrageenan indicated intense leukocyte migration and degranulation<br/>of the mast cells, and the experimental groups treated whith OCg, EOCg e EDexa (emulsion of<br/>silicone oil with dexamethasone as standard drug) showed a reduction of leukocyte migration<br/>and mast cell degranulation. The annexin-A1 (AnxA1) protein was expressed in leukocytes, but<br/>without any statistical significance. The pro-inflammatory cytokines TNF-α, IL-1β and IL-6 were<br/>significantly increased in the inflammed groups and reduced in the treated groups and the antiinflammatory <br/>cytokine IL-10 was significantly increased in the treated groups. This experimental<br/>inflammation model showed a putative anti-inflammatory activity of Carapa guianensis oil through<br/>the suppression of inflammatory cytokines and induction of IL-10. These results suggest that<br/>C. guianensis oil can be used on the skin as a potent anti-inflammatory agent.<br/><br/>Keywords: Carapa guianensis oil; emulsion; skin inflammation; annexin-A1. |
| 520 ## - NOTA DE RESUMO | |
| Nota de conteúdo | <br/><br/>RESUMO: <br/><br/>Efeitos anti-inflamatórios da emulsão do óleo de Carapa guianensis Aublet na<br/>pele de camundongos. Carapa guianensis Aublet é uma árvore típica da Amazônia e o óleo<br/>obtido a partir de suas sementes (OCg) é conhecido popularmente pela sua atividade antiinflamatória. <br/>No presente trabalho, foram desenvolvidas emulsões do óleo de Carapa guianensis<br/>(EOCg) e determinada a sua estabilidade após armazenamento em diferentes condições, onde<br/>verificou-se que são estáveis e as medidas reológicas apresentaram comportamento de fluxo<br/>não-Newtoniano do tipo pseudoplástico e tixotropia. As análises da ação anti-inflamatória na<br/>pele de camundongos, após administração de carragenina, indicaram intensa migração de<br/>leucócitos e desgranulação dos mastócitos. Os grupos tratados com o OCg, EOCg e EDexa<br/>(emulsão de óleo de silicone com dexametasona como padrão) mostraram uma diminuição<br/>na migração de leucócitos e desgranulação de mastócitos. A proteína anexina-A1 (AnxA1) foi<br/>expressa nos leucócitos, mas sem significância estatística. As citocinas pró-inflamatórias TNF-α,<br/>IL-1β e IL-6 foram significantemente elevadas nos grupos inflamados e reduzidas nos grupos<br/>tratados. A citocina anti-inflamatória IL-10 aumentou significantemente nos grupos tratados.<br/>O modelo experimental de inflamação mostrou possíveis atividades anti-inflamatórias do óleo<br/>de C. guianensis através da supressão de citocinas inflamatórias e da indução de IL-10. Estes<br/>resultados sugerem que o óleo de C. guianensis pode ser utilizado na pele como um potente<br/>agente anti-inflamatório.<br/><br/>Palavras-chave: Óleo de Carapa guianensis; emulsão; inflamação de pele; Anexina A1. |
| 650 ## - ASSUNTO - THESAGRO | |
| Cabeçalho tópico ou nome geográfico | CARAPA GUIANENSIS |
| 650 ## - ASSUNTO - THESAGRO | |
| Cabeçalho tópico ou nome geográfico | EMULSÃO |
| 650 ## - ASSUNTO - THESAGRO | |
| Cabeçalho tópico ou nome geográfico | INFLAMAÇÃO |
| 650 ## - ASSUNTO - THESAGRO | |
| Cabeçalho tópico ou nome geográfico | PELE |
| 650 ## - ASSUNTO - THESAGRO | |
| Cabeçalho tópico ou nome geográfico | PLANTA MEDICINAL |
| 773 0# - ENTRADA ANALÍTICA | |
| Host Biblionumber | 3543 |
| Registro do item | 317263 |
| Imprenta | Botucatu-SP Instituto de Biociências - Departamento de Química e Bioquímica 1998 |
| Outro identificador | 2024-3900 |
| Título | Revista Brasileira de Plantas Medicinais (Brazil) |
| ISSN | 1516-0572 |
| Colação | v. 19(4) p. 565-576; (2017) |
| Número de controle de registro | BR2024002148 |
| 856 ## - ACESSO E ENDEREÇO ELETRÔNICO | |
| Identificador uniforme de recurso - URI | http://www.sbpmed.org.br/admin/files/papers/file_tXaInk4KLI8R.pdf |
Nenhum exemplar disponível.

BINAGRI